Statistics for Generation 3 Pokemon

Click here to take the quiz!

General Stats

  • This quiz has been taken 2,398 times
  • The average score is 88 of 135

Answer Stats

Number Pokemon % Correct
255Torchic
97%
258Mudkip
97%
257Blaziken
96%
252Treecko
95%
254Sceptile
94%
260Swampert
93%
256Combusken
92%
383Groudon
91%
382Kyogre
91%
253Grovyle
91%
259Marshtomp
90%
384Rayquaza
89%
263Zigzagoon
87%
262Mightyena
83%
261Poochyena
83%
264Linoone
81%
265Wurmple
81%
386Deoxys
80%
377Regirock
80%
378Regice
79%
379Registeel
79%
268Cascoon
79%
267Beautifly
79%
277Swellow
78%
269Dustox
77%
385Jirachi
77%
266Silcoon
77%
381Latios
77%
380Latias
77%
276Taillow
77%
373Salamence
76%
371Bagon
76%
280Ralts
74%
376Metagross
73%
282Gardevoir
73%
278Wingull
72%
281Kirlia
72%
372Shelgon
71%
279Pelipper
71%
375Metang
71%
374Beldum
70%
321Wailord
70%
320Wailmer
69%
330Flygon
69%
309Electrike
69%
323Camerupt
69%
270Lotad
69%
289Slaking
69%
322Numel
68%
773Seedot
68%
311Plusle
68%
271Lombre
68%
272Ludicolo
68%
296Makuhita
68%
312Minun
67%
328Trapinch
67%
297Hariyama
67%
310Manectric
67%
274Nuzleaf
66%
304Aron
66%
329Vibrava
65%
324Torkoal
65%
319Sharpedo
65%
288Vigoroth
65%
287Slakoth
65%
275Shiftry
65%
306Aggron
64%
337Lunatone
64%
338Solrock
64%
305Lairon
63%
333Swablu
63%
334Altaria
63%
350Milotic
63%
357Tropius
62%
299Nosepass
62%
356Dusclops
61%
349Feebas
61%
355Duskull
61%
295Exploud
60%
363Spheal
60%
293Whismur
60%
294Loudred
60%
285Shroomish
59%
365Walrein
59%
302Sableye
59%
353Shuppet
59%
359Absol
59%
369Relicanth
58%
336Seviper
58%
354Banette
58%
291Ninjask
58%
286Breloom
58%
300Skitty
57%
290Nincada
57%
318Carvanha
57%
364Sealeo
56%
335Zangoose
56%
301Delcatty
55%
292Shedinja
55%
361Snorunt
54%
331Cacnea
54%
366Clamperl
54%
332Cacturne
54%
362Glalie
53%
327Spinda
53%
345Lileep
53%
347Anorith
53%
308Medicham
53%
307Meditite
53%
348Armaldo
53%
283Surskit
52%
344Claydol
52%
315Roselia
52%
303Mawile
52%
367Huntail
51%
346Cradily
51%
298Azurill
50%
370Luvdisc
50%
343Baltoy
50%
351Castform
50%
368Gorebyss
50%
352Kecleon
48%
284Masquerain
48%
316Gulpin
46%
313Volbeat
45%
317Swalot
45%
339Barboach
45%
341Corphish
45%
342Crawdaunt
44%
325Spoink
44%
360Wynaut
44%
314Illumise
44%
340Whiscash
44%
326Grumpig
42%
358Chimecho
40%

Score Distribution

Percentile by Number Answered

Percent of People with Each Score

Your Score History

You have not taken this quiz